00363nam a22001337a 450000500170000000800410001702000180005804100080007608200180008410000450010224500310014726000430017830000080022120180202120937.0160427b xxu||||| |||| 00| 0 eng d a81-203-2155-3 aeng b00325a004.21 aKendall, Kenneth E. and Kendall, julie E aSystem Analysis and Design aNew DelhibPHI Pvt Ltd. N. Delhic2004 a914